| 000 | 00651nam a2200241Ia 4500 | ||
|---|---|---|---|
| 005 | 20250425162212.0 | ||
| 008 | 250425s9999 xx 000 0 und d | ||
| 020 | _a9978622012 | ||
| 041 | _aspa | ||
| 043 | _aec | ||
| 082 |
_a398.03 _pCAR |
||
| 100 | _aCarvalho-Neto, Paulo De | ||
| 245 | 0 | _aDiccionario del Folklore ecuatoriano | |
| 250 | _aSegunda edición | ||
| 260 |
_aQuito _bCasa de la Cultura Ecuatoriana _c2001 |
||
| 300 |
_a416 páginas _bilustraciones _c30 cm. |
||
| 504 | _aBibliografía e índices | ||
| 650 | _aEcuador | ||
| 650 | _aFolklor ecuatoriano | ||
| 902 |
_aMonográfico _cImpreso |
||
| 942 | _c01 | ||
| 010 | _a56484 | ||
| 999 |
_c224432 _d224432 |
||